=LDR 00000nam 2200000 4500 =001 INLIS000000000006952 =005 20130612095027 =008 ***********************************Ind** =035 ##$$0010-061300000006952 =041 ##$$a Ind =082 ##$$a 027.8 =090 ##$$a 027.8, Baf p =100 ##$$a Bafadal, Ibrahim =245 ##$$a Pengetahuan perpustakaan sekolah, Drs. Ibrahim Bafadal, M.Pd =260 ##$$a 2001 $b Jakarta =300 ##$$a ix, 209 hlm, ilus, 21 cm =650 ##$$a Perpustakaan Sekolah